Hyperspace : (Record no. 64066)

MARC details
000 -LEADER
fixed length control field 00733nam a22002297a 4500
005 - DATE AND TIME OF LATEST TRANSACTION
control field 20230209091807.0
008 - FIXED-LENGTH DATA ELEMENTS--GENERAL INFORMATION
fixed length control field 230208b |||||||| |||| 00| 0 eng d
020 ## - INTERNATIONAL STANDARD BOOK NUMBER
International Standard Book Number 9780198785033
Qualifying information paperback
040 ## - CATALOGING SOURCE
Original cataloging agency CBULib
Transcribing agency CBULib
041 ## - LANGUAGE CODE
Language code of text/sound track or separate title eng
050 ## - LIBRARY OF CONGRESS CALL NUMBER
Classification number QC 793.3.F5 Kak
100 ## - MAIN ENTRY--PERSONAL NAME
Personal name Kaku, Michio
245 ## - TITLE STATEMENT
Title Hyperspace :
Remainder of title a scientific odyssey through parallel universes , time warps, and the tenth dimension
Statement of responsibility, etc. by Michio Kaku
260 ## - PUBLICATION, DISTRIBUTION, ETC.
Name of publisher, distributor, etc. Oxford university press
Date of publication, distribution, etc. 1994
Place of publication, distribution, etc. United Kingdom
300 ## - PHYSICAL DESCRIPTION
Extent xvi, 359 pages :
Other physical details illustrations
600 ## - SUBJECT ADDED ENTRY--PERSONAL NAME
Source of heading or term Title page
Personal name O'KEEFE, ROBERT
650 ## - SUBJECT ADDED ENTRY--TOPICAL TERM
Source of heading or term OCLC
Topical term or geographic name entry element SUPERSTRING THEORIES
650 ## - SUBJECT ADDED ENTRY--TOPICAL TERM
Source of heading or term OCLC
Topical term or geographic name entry element HYPERSPACE
700 ## - ADDED ENTRY--PERSONAL NAME
Personal name Kaku, Michio
700 ## - ADDED ENTRY--PERSONAL NAME
Personal name O'keefe, Robert
942 ## - ADDED ENTRY ELEMENTS (KOHA)
Koha item type MONOGRAPH
999 ## -
-- 64066
-- 64066
Holdings
Withdrawn status Lost status Source of classification or shelving scheme Damaged status Not for loan Collection code Permanent Location Current Location Shelving location Date acquired Source of acquisition Full call number Barcode Date last seen Copy number Price effective from Koha item type
          Main Library Open Access Collection CBU-MAIN LIBRARY, KITWE. CBU-MAIN LIBRARY, KITWE. General Stacks 02/07/2023 DON-BOOKAID QC 793.3.F5 Kak 751837 02/07/2023 1 02/07/2023 MONOGRAPH